| 000 | 00567nam a22002057a 4500 | ||
|---|---|---|---|
| 003 | OSt | ||
| 005 | 20231208085523.0 | ||
| 008 | 151110b xxu||||| |||| 00| 0 eng d | ||
| 020 | _a3540423389 | ||
| 040 | _c040a | ||
| 082 | _b515.73 BOU 2003 | ||
| 100 |
_aBourbaki, N. _96077 |
||
| 245 |
_aElements of Mathematics : _btopological vector spaces |
||
| 260 |
_aBerlin _bSpringer _c2003 |
||
| 300 |
_avii, 364p; _bill : _c10cm |
||
| 504 | _aincludes bibliographic references and index | ||
| 650 |
_aMathematics _9810 |
||
| 650 |
_aTopology _95415 |
||
| 942 |
_2ddc _cSLOAN |
||
| 999 |
_c2500 _d2500 |
||